000 00340nas a2200145 a 4500
001 69661
003 143570
005 20201118110658.0
008 ||||||n9999 ||| || ||
245 0 _aCoyuntura Agropecuaria - Vol.10 No.1,2,3,4
260 _c1993.
562 _e0
773 _017534
_aCoyuntura Agropecuaria
942 _cSISS
999 _c69661
_d69661